000 00671nam a2200229 a 4500
001 53723
003 BD-RjUL
005 20211209080018.0
008 161024s1964 nyua b 000 0 eng
035 _a(BD-RjUL)53845
040 _aDLC/ICU
_cICU
_dBD-RjUL
_beng
041 _aeng
082 0 0 _223
_a621.38152
_bSUS 1964
100 1 _aSurina, Tugomir
_9158325
245 1 0 _aSemiconductor electronics /
_c Tugomir Surina and Clyde Herrick
260 _aNew York :
_bHolt, Rinehart and Winston,
_c1964
300 _axv, 429 p. :
_bill. ;
_c24 cm.
500 _aIncludes Index
650 0 _aSemiconductors.
_9160534
700 _aHerrick, Clyde
_9228373
942 _2ddc
_cBK
999 _c53723
_d53723